000 00428nam a2200181Ia 4500
005 20240823011358.0
008 240823s9999||||xx |||||||||||||| ||und||
041 _aENGLISH
082 _A004.69P0
100 _aPeter Rybaczyk
245 0 _aCisco Router Troubleshooting Handbook
250 _aIst
260 _bIDG Book India (P)
500 _aYES
650 _aElectronics
_bElectronics
942 _cBK
999 _c161365
_d161365